Nhà văn nói về tác phẩm

Zapisane w:
Opis bibliograficzny
Format: Książka
Język:Vietnamese
Wydane: H. Văn học 1994
Etykiety: Dodaj etykietę
Nie ma etykietki, Dołącz pierwszą etykiete!
Thư viện lưu trữ: Mạng thư viện Đại học Đà Nẵng
LEADER 00817nam a2200265 4500
001 000014277
003 10637
005 20120425080408.0
008 120425s1994 viesd
020 |c 0 
041 0 |a vie 
082 |a 895.92208  |b Nha 
245 0 |a Nhà văn nói về tác phẩm 
260 |a H.  |b Văn học  |c 1994 
300 |a 160 tr.  |c 19 cm 
OWN |a LSP 
AVA |a UDN50  |b LSP  |d 895.92208 Nha  |e available  |t Error 5001 Not defined in file expand_doc_bib_avail.  |f 2  |g 0  |h N  |i 0  |k 1 
999 |a From the UDN01 
AVA |a UDN50  |b LSP  |d 895.92208 Nha  |e available  |t Error 5001 Not defined in file expand_doc_bib_avail.  |f 2  |g 0  |h N  |i 0  |k 1 
TYP |a Monograph 
TYP |a Printed language 
980 |a Mạng thư viện Đại học Đà Nẵng